[Event "XLV Sevilla Open 2020"]
[Site "Sevilla"]
[Date "2020.01.14"]
[Round "5.4"]
[White "Das, Arghyadip"]
[Black "Li, Di"]
[Result "0-1"]
[WhiteElo "2451"]
[BlackElo "2562"]
[Annotator "TA RC"]
[PlyCount "104"]
[EventDate "2020.01.05"]
[EventType "swiss"]
[EventCountry "ESP"]
[SourceTitle "playchess.com"]
[Source "ChessBase"]
[SourceQuality "1"]

{[%evp 9,124,20,21,5,15,10,14,0,0,0,0,0,14,12,12,10,12,14,13,13,18,18,20,12,20,10,8,5,6,12,9,7,13,2,0,0,6,0,10,0,0,0,6,0,0,0,0,0,33,0,0,0,0,-47,-16,-44,-43,-67,-56,-72,-51,-143,-89,-110,-74,-65,-69,-111,-117,-109,-102,-307,-291,-279,-288,-454,-459,-517,-283,-380,-243,-236,-224,-260,-252,-253,-237,-218,-230,-280,-293,-285,-288,-277,-227,-212,-205,-314,-305,-328,-341,-329,-320,-299,-275,-472,-460,-473,-474,-477,-478,-590,-604,-563,-527,-654,-616]} 1. e4 e5 2. Nf3 Nc6 3. Bb5 Nf6 4. d3 Bc5 5. Bxc6 dxc6 6. Nbd2 {C65: Ruy Lopez: Berlin Defence (3...Nf6), unusual lines and 4 0-0 Bc5} (6. O-O {looks sharper.} Nd7 7. c3 O-O 8. Re1 Bd6 9. Be3) (6. O-O Bd6 7. Bg5 h6 8. Bh4 Bg4 9. h3 Bxf3 10. Qxf3 Be7 11. Bg3 Nd7 12. Nd2 O-O 13. Nc4 Bf6 {½-½ (49) Firouzja,A (2723)-Wang,H (2756) Moscow 2019}) 6... Be6 7. O-O Nd7 8. Nb3 {The position is equal.} (8. b3 {is interesting.} O-O 9. Bb2 f6 10. c3 a5 11. a4) 8... Bb6 9. Ng5 Bxb3 10. axb3 f6 11. Nf3 Nc5 $146 ({Predecessor:} 11... O-O 12. Nd2 {½-½ (43) Palac,M (2544)-Jovanic,O (2532) Mali Losinj 2019}) 12. Nd2 O-O 13. Nc4 Ne6 14. Kh1 Bc5 15. Be3 Bxe3 16. Nxe3 Kh8 17. Qg4 Qd6 18. g3 g6 19. Nc4 Qe7 20. b4 a6 21. c3 c5 22. bxc5 Nxc5 23. Qe2 Rad8 24. b4 Ne6 25. Rad1 Rfe8 26. f4 exf4 27. gxf4 Ng7 28. Qf3 Qe6 29. Rd2 Qc6 {With the idea ...b5.} 30. Rc1 b6 31. Kg2 Re7 32. Rcc2 Red7 33. Nb2 Ne6 34. d4 f5 35. exf5 ({White should try} 35. e5 $1 $15 Nxf4+ 36. Kf2) 35... Nxf4+ $1 $17 36. Kf2 Qxf3+ 37. Kxf3 Nd5 38. fxg6 {[#]} Rf8+ $1 ({Much worse is} 38... hxg6 $6 39. Nd3 $11) 39. Ke4 Rf4+ ({Don't play} 39... hxg6 $6 40. Nd3 $11) 40. Ke5 $2 (40. Kd3 $17) 40... hxg6 $19 {( -> ...Rf3)} 41. Rf2 Rh4 {aiming for ...Kg7.} 42. Nc4 (42. Rf3 $142) 42... Kg8 43. Rg2 Nf4 44. Rg3 Kg7 {[%cal Rd7e7] [#]} 45. Ke4 Nh5+ 46. Ke3 Nxg3 47. hxg3 {[%mdl 4096] Endgame KRR-KRN} Rh3 48. Ne5 Rd6 49. Kf4 Rf6+ 50. Kg4 Rh1 51. Nd3 Re6 52. Nf4 Re7 {Played: Re6-e4} 0-1

[Event "XLV Sevilla Open 2020"]
[Site "Sevilla"]
[Date "2020.01.14"]
[Round "5.5"]
[White "Shevchenko, Kirill"]
[Black "Swayams, Mishra"]
[Result "1-0"]
[WhiteElo "2553"]
[BlackElo "2479"]
[Annotator "TA"]
[PlyCount "141"]
[EventDate "2020.01.05"]
[EventType "swiss"]
[EventCountry "ESP"]
[SourceTitle "playchess.com"]
[Source "ChessBase"]
[SourceQuality "1"]

{[%evp 16,141,16,7,16,12,15,5,19,33,27,36,92,75,96,99,98,99,102,100,85,101,244,250,242,249,245,233,286,289,285,279,280,279,276,287,227,277,270,267,278,278,617,622,597,395,341,135,427,424,356,252,276,272,267,260,257,252,254,233,295,300,331,286,337,300,280,279,370,363,371,320,331,325,325,319,366,237,210,204,214,151,234,235,315,314,291,279,277,270,275,232,225,248,261,251,259,253,259,225,231,222,216,209,232,214,220,165,259,265,300,292,293,284,249,211,316,250,359,355,333,344,312,313,1091,960,1092,1019]} 1. e4 e6 2. d4 d5 3. Nc3 Nf6 4. e5 Nfd7 5. f4 c5 6. Nf3 Nc6 7. Be3 Be7 8. Qd2 O-O 9. dxc5 Nxc5 {C11: French: Classical System: 4 e5 and 4 Bg5 dxe4} 10. O-O-O a6 11. Kb1 b5 {The position is equal.} 12. Bxc5 Bxc5 13. Bd3 h6 ({Better is} 13... Qc7 $14) 14. g4 $1 $16 f6 {[#]} 15. exf6 $146 ({Predecessor:} 15. Qg2 fxe5 16. fxe5 Nd4 17. Nxd4 Bxd4 {1-0 (51) Areshchenko,A (2665)-Sengupta,D (2571) Abu Dhabi 2016}) 15... Qxf6 16. Ne2 e5 17. g5 $1 {[%cal Rg5f6]} hxg5 18. Nxg5 exf4 (18... Bg4 $16) 19. Nh7 $18 {[%mdl 64] Double Attack} Qd6 20. Nxf8 Be3 21. Qe1 {Black must now prevent Ng6.} Kxf8 22. Qh4 {And now Nxf4! would win.} Qf6 23. Qh8+ $1 Ke7 24. Nc3 $1 {[%cal Rc3d5]} Nb4 {[#]} 25. Rhg1 $1 {[%cal Rg1g7][%mdl 512]} g5 (25... Bxg1 26. Rxg1) 26. Qg8 $1 {[%csl LRd5,LRg5]} Bxg1 27. Rxg1 {Strongly threatening a3.} (27. Nxd5+ $6 Nxd5 28. Qxd5 Ra7 $16) 27... Kd6 {[#]} 28. a3 $1 {[%cal Ra3b4]} Nc6 $2 (28... Bb7 29. Qh7 Qe7) 29. Qxd5+ Kc7 30. Be4 Bb7 31. Qc5 $2 (31. Rxg5 Rd8 $18) (31. Qxg5 Qxg5 32. Rxg5 Rf8 $16) (31. h4 $18 {is more deadly.}) 31... Qd4 $2 {[%mdl 8192]} (31... Qe5 $16 {was necessary.} 32. Nd5+ (32. Rxg5 Qxc5 33. Rxc5 Rf8 $14) 32... Kb8) 32. Qxg5 Rf8 33. Rf1 Qe5 34. Qg2 Na5 35. Bxb7 Nxb7 36. Nd5+ Kb8 37. Nb4 {Threatens to win with Nc6+.} Qd6 38. Qf3 Nc5 39. Rd1 Qe6 40. Rd4 Qe1+ {[#]} 41. Ka2 $1 Qe6+ 42. b3 Qf6 43. h3 a5 44. Rd5 Rc8 45. Nd3 Nb7 46. Kb1 (46. Qxf4+ Qxf4 47. Nxf4 Rxc2+ 48. Kb1 Rf2 $16) (46. Rxb5 Rxc2+ 47. Kb1 Rc7 $16) 46... Qc6 47. Ne1 ({Much less strong is} 47. Qxf4+ $6 Rc7 $16) 47... Ka8 48. Rd3 Qe6 (48... Qxf3 $16 49. Rxf3 (49. Nxf3 Rc5 $16) 49... Rh8) 49. Ng2 Rg8 50. Nxf4 Qf6 {...Rg1+ would now be nice for Black.} 51. Ne2 Qxf3 52. Rxf3 {[%mdl 4096] Endgame KRN-KRN} Nd6 53. Nd4 Kb7 54. Kb2 Rg1 55. Rf6 Kc7 56. h4 Rh1 57. Rf4 Kb6 58. Rg4 Kc5 59. Ne6+ Kc6 60. Nf4 Ne4 61. Rg6+ Kb7 (61... Kd7 {was called for.} 62. Rh6 Nd6) 62. Nd5 Ka7 63. Nc7 b4 64. axb4 axb4 {With the idea ...Nc3.} 65. Nd5 Nf2 (65... Rxh4 {was worth a try.} 66. Nxb4 Rh5) 66. Nxb4 Nd1+ (66... Rxh4 {keeps fighting.} 67. c4 Nd1+ 68. Kc2 Ne3+ 69. Kd2 Rh3) 67. Ka3 Rxh4 68. Nd5 Nf2 69. Rg7+ Ka6 $2 (69... Kb8 70. b4 Rd4) 70. c4 Nd3 71. Nb4+ {Accuracy: White = 77%, Black = 33%.} 1-0

[Event "XLV Sevilla Open 2020"]
[Site "Sevilla"]
[Date "2020.01.14"]
[Round "5.6"]
[White "Chen, Qi b"]
[Black "Harutyunian, Tigran K."]
[Result "1/2-1/2"]
[WhiteElo "2432"]
[BlackElo "2533"]
[Annotator "TA"]
[PlyCount "33"]
[EventDate "2020.01.05"]
[EventType "swiss"]
[EventCountry "ESP"]
[SourceTitle "playchess.com"]
[Source "ChessBase"]
[SourceQuality "1"]

{[%evp 18,19,21,22]} 1. e4 e5 2. Nf3 Nc6 3. Bb5 Nf6 4. O-O Nxe4 5. Re1 Nd6 6. Nxe5 Be7 7. Bf1 Nxe5 8. Rxe5 O-O 9. d4 Bf6 10. Re1 {Predecessor:} Re8 $146 11. c3 Rxe1 12. Qxe1 Ne8 13. Bf4 d5 14. Bd3 g6 15. Nd2 Ng7 16. Qe2 c6 17. Re1 {½-½ (17) Amin,B (2683)-Karjakin,S (2754) Moscow 2019} 1/2-1/2

[Event "XLV Sevilla Open 2020"]
[Site "Sevilla"]
[Date "2020.01.14"]
[Round "5.7"]
[White "Shariyazdanov, Andrey"]
[Black "Ravi, Teja S."]
[Result "1/2-1/2"]
[WhiteElo "2519"]
[BlackElo "2464"]
[Annotator "TA"]
[PlyCount "119"]
[EventDate "2020.01.05"]
[EventType "swiss"]
[EventCountry "ESP"]
[SourceTitle "playchess.com"]
[Source "ChessBase"]
[SourceQuality "1"]

{[%evp 9,119,18,18,17,19,14,54,30,29,5,31,10,18,-7,37,32,29,32,51,27,59,53,64,64,64,64,66,64,61,62,70,42,64,50,48,48,46,46,48,42,60,60,64,64,68,66,129,139,132,144,152,152,115,65,66,10,113,112,120,105,83,91,94,80,66,72,95,89,89,28,72,51,102,35,19,19,19,19,11,11,11,11,48,8,8,8,8,8,8,0,0,0,0,0,0,0,0,0,0,0,0,-8,0,0,0,0,0,0,0,0,0,0]} 1. e4 c6 2. d4 d5 3. e5 c5 4. dxc5 e6 5. Nf3 Bxc5 6. Bd3 {B12: Caro-Kann: Advance Variation} Ne7 7. O-O Nd7 8. a3 {White is slightly better.} Ng6 9. Qe2 $146 ({Predecessor:} 9. Re1 Be7 10. g3 Nc5 11. Nc3 Nxd3 12. Qxd3 b6 13. h4 {½-½ (30) Hjartarson,J (2530)-Vitiugov,N (2720) Caleta 2019}) 9... Qc7 {[%cal Rd7e5]} 10. Bxg6 hxg6 11. Nbd2 {[%cal Bb1d2,Bd2b3,Bb3d4][%mdl 32]} Nb6 12. Nb3 Be7 13. Nbd4 Qc4 14. Qd1 Bd7 15. Re1 Rh5 16. b3 Qc7 17. a4 {[%cal Ba3a4,Ba4a5][%mdl 32]} a6 18. Ba3 Bxa3 19. Rxa3 Kf8 20. a5 Qc5 21. Ra1 Nc8 22. Qd2 Ne7 23. g4 Rh6 24. b4 Qc7 25. Ra3 $36 {[%mdl 2048] White is pushing.} Kg8 26. Rc3 Qd8 27. Kg2 Rc8 (27... Nc6 $14) 28. Rxc8 $16 Qxc8 29. Re3 Rh8 30. Qc3 Qc4 31. Qa3 {And now Rc3 would win.} Bb5 $1 {( -> ...Qf1+)} 32. Rd3 {[#]} (32. Qa1 $14) 32... Nc6 (32... g5 $1 $11 {[%mdl 512]}) 33. Nd2 Qxb4 34. Qxb4 Nxb4 35. Rc3 {[#]} Bc4 $1 {[%mdl 512]} 36. Nxc4 dxc4 37. Rxc4 {[%mdl 4096] Endgame KRN-KRN} Nd5 38. Rc8+ Kh7 39. Rxh8+ Kxh8 {KN-KN} 40. Kf3 Kg8 41. Nb3 (41. Ke4 $16) 41... Nb4 $1 $14 42. Nc5 Nxc2 43. Nxb7 Nb4 44. Ke4 {Kd4 is the strong threat.} Nc6 45. f4 f5+ 46. gxf5 gxf5+ {The position is equal.} 47. Kd3 {Strongly threatening h4.} g5 $1 48. fxg5 {Threatens to win with h4.} Nxe5+ 49. Kd4 Nc6+ 50. Ke3 Kf7 51. h4 Kg6 52. Nc5 e5 53. Nxa6 Nxa5 54. Nc5 Nc4+ 55. Kd3 Nd6 56. Nd7 Nf7 57. Ke3 f4+ 58. Ke4 Nd6+ 59. Kd5 Nf7 {aiming for ...f3.} 60. Ke4 {Accuracy: White = 67%, Black = 63%.} 1/2-1/2

[Event "XLV Sevilla Open 2020"]
[Site "Sevilla"]
[Date "2020.01.14"]
[Round "5.8"]
[White "Pridorozhni, Aleksei"]
[Black "Panjwani, Raja"]
[Result "1-0"]
[WhiteElo "2601"]
[BlackElo "2444"]
[Annotator "TA"]
[PlyCount "93"]
[EventDate "2020.01.05"]
[EventType "swiss"]
[EventCountry "ESP"]
[SourceTitle "playchess.com"]
[Source "ChessBase"]
[SourceQuality "1"]

{[%evp 11,93,0,0,0,0,0,0,-6,0,0,0,0,0,0,0,-16,0,0,0,0,41,39,47,59,53,59,42,43,19,35,105,97,95,61,91,110,69,62,62,63,70,54,56,20,43,0,58,54,85,70,78,80,85,79,63,39,45,-25,56,59,125,114,116,112,126,124,135,137,128,135,222,216,272,259,270,266,305,290,415,400,754,756,693,665]} 1. e4 c6 2. d4 d5 3. e5 Bf5 4. h4 h5 5. c4 e6 6. Nc3 Ne7 7. Nge2 {B12: Caro-Kann: Advance Variation} Nd7 (7... Bg4 8. Bg5 Qb6 9. c5 Qc7 10. f3 Bf5 11. Ng3 f6 12. Bf4 Nd7 13. exf6 Qxf4 14. Nce2 Qh6 15. fxe7 Bxe7 16. Nxf5 exf5 {½-½ (27) Sutovsky,E (2647)-Artemiev,V (2704) Poikovsky 2018}) 8. Ng3 Bg6 9. Bg5 {The position is equal.} f6 10. exf6 gxf6 11. Be3 Qb6 12. Qd2 Qb4 $146 ({Predecessor:} 12... O-O-O 13. Rc1 Kb8 14. Be2 Ka8 15. O-O Nf5 16. Nxf5 Bxf5 17. cxd5 exd5 18. Bf4 Bb4 {½-½ (18) Nedev,T (2505)-Paichadze,L (2520) Plovdiv 2013}) 13. Rc1 dxc4 14. a3 Qb3 15. Nce4 Nd5 (15... b5 {feels hotter.} 16. Nd6+ Kd8 17. Nb7+ Ke8 18. Nd6+ Kd8) 16. Bxc4 Qb6 17. O-O O-O-O 18. Bxd5 exd5 19. Nc3 {[%cal Be4c3,Bc3e2,Be2f4][%mdl 32]} Qb3 20. Nce2 Nb6 (20... Kb8 $14) 21. Rc3 $16 Qb5 22. Nf4 Bf7 23. Qc2 Kb8 24. Bc1 Qa4 25. Qd3 Nc8 26. b3 Qa5 27. Rc2 (27. b4 $5 {[%cal Rb4a5]} Qb6 28. Rd1 $14) 27... Qc7 28. Re2 Qd7 (28... Bxa3 $1 $11 29. Qf5 Bd6) 29. Rfe1 $14 Nd6 30. Ng6 $36 {[%mdl 2048] White fights for an advantage.} Bxg6 $1 31. Qxg6 {[%mdl 64] [#] Double Attack} Qg4 32. Qxg4 hxg4 33. Bf4 Kc8 $1 34. a4 (34. Re6 $14) 34... Rxh4 (34... Kd7 $11) 35. Re6 Ne4 (35... Rh7 $14) 36. Nxe4 $16 dxe4 37. R1xe4 (37. Rxf6 $6 Bg7 $14) 37... f5 38. Bg5 $1 {[%csl LRd8,LRh4]} Rh5 39. Bxd8 fxe4 {[%mdl 4096] Endgame KRB-KRB} 40. Bf6 {Hoping for Re8+.} Bb4 (40... e3 $16 41. fxe3 (41. Re8+ Kd7 $16) 41... Kd7) 41. Rxe4 $18 Rh6 42. Be5 Rg6 {[#]} 43. Kh2 $1 c5 44. Kg3 Kd7 (44... cxd4 $142 45. Bxd4 (45. Rxd4 Bc5 $18) 45... Bd6+ 46. Kh4 g3) 45. Rxg4 Rxg4+ (45... Re6 $142 46. Rg7+ Kc6) 46. Kxg4 Bc3 47. Kf5 {Accuracy: White = 73%, Black = 45%.} 1-0

[Event "XLV Sevilla Open 2020"]
[Site "Sevilla"]
[Date "2020.01.14"]
[Round "5.9"]
[White "Barrish, Daniel"]
[Black "Pogorelov, Ruslan"]
[Result "1/2-1/2"]
[WhiteElo "2352"]
[BlackElo "2377"]
[Annotator "TA"]
[PlyCount "63"]
[EventDate "2020.01.05"]
[EventType "swiss"]
[EventCountry "ESP"]
[SourceTitle "playchess.com"]
[Source "ChessBase"]
[SourceQuality "1"]

{[%evp 13,63,0,0,0,0,0,0,0,0,-6,0,0,0,-10,-7,-6,-3,-5,-4,0,28,32,23,20,61,80,70,72,74,71,71,73,63,66,66,62,92,88,93,88,91,82,80,51,50,33,36,12,14,3,1,3]} 1. d4 Nf6 2. c4 e6 3. Nc3 Bb4 4. Qc2 O-O 5. e4 d5 6. e5 Ne4 7. Bd3 c5 $1 {[%cal Rc5d4]} 8. Nf3 {E32: Nimzo-Indian: Classical (4 Qc2): 4...0-0} cxd4 9. Nxd4 Nd7 10. Bf4 Ndc5 (10... Qh4 11. g3 Qh5 12. O-O g5 13. cxd5 Bxc3 14. bxc3 exd5 15. Be3 Nxe5 {1-0 (29) Mamedyarov,S (2772)-Gelfand,B (2684) Moscow 2019}) 11. O-O {[%cal Rd3e4]} Bxc3 12. bxc3 Bd7 13. cxd5 Ba4 14. Nb3 Nxd3 15. Qxd3 Qxd5 16. Qe3 $146 {[#] Hoping for f3.} b6 (16... Qc4 $5 {[%cal Re4c3]}) 17. Rad1 Qc6 18. Rd4 $36 {[%mdl 2048] White has the initiative.} Nc5 {[#]} 19. Bh6 $1 {[%mdl 512] Qg5! would kill now.} f5 (19... gxh6 20. Rg4+) 20. exf6 Rxf6 21. Rg4 Rg6 22. Rxg6 hxg6 23. Nxc5 bxc5 24. Bf4 Rd8 25. Re1 Rd1 26. Rxd1 Bxd1 27. Qd3 Qd5 28. Qxg6 Bb3 {[%cal Rd5d1]} 29. h4 Bxa2 30. h5 {h6 is the strong threat.} Qf5 31. Qxf5 exf5 32. Be3 {Accuracy: White = 84%, Black = 80%.} 1/2-1/2

[Event "XLV Sevilla Open 2020"]
[Site "Sevilla"]
[Date "2020.01.14"]
[Round "5.10"]
[White "Simon Padros, Emili"]
[Black "Pap, Misa"]
[Result "1/2-1/2"]
[WhiteElo "2119"]
[BlackElo "2427"]
[Annotator "TA"]
[PlyCount "127"]
[EventDate "2020.01.05"]
[EventType "swiss"]
[EventCountry "ESP"]
[SourceTitle "playchess.com"]
[Source "ChessBase"]
[SourceQuality "1"]

{[%evp 19,127,-1,-13,-16,-16,-33,-28,-52,-46,-61,-58,-62,0,-20,-9,-186,-186,-189,-197,-196,-127,-128,-105,-129,-139,-345,-340,-330,-327,-341,-314,-313,-308,-300,-235,-226,-213,-210,-207,-216,-210,-207,-183,-228,-200,-197,-183,-165,-175,-208,-198,-200,-176,-193,-193,-218,-208,-266,-261,-229,0,-126,-122,-125,-10,-7,0,-7,0,-18,-8,-72,0,0,87,87,356,252,297,261,151,97,315,315,315,315,431,431,431,8,8,8,8,8,8,0,0,0,8,-8,-8,-8,-8,-8,-8,-8,-8,-8,-8,-8]} 1. e4 c5 2. Nc3 Nc6 3. g3 g6 4. Bg2 Bg7 5. f4 d6 6. d3 e6 7. Nf3 Nge7 8. O-O O-O 9. Be3 b6 10. Bf2 Ba6 11. Re1 {B25: Closed Sicilian: 3 g3, lines without early Be3} Rc8 (11... Qd7 12. d4 cxd4 13. Nxd4 Rac8 14. a4 Rfd8 15. Ndb5 Bb7 16. Qd2 d5 17. e5 Ba8 18. Ne2 Na5 {0-1 (51) Cubas,J (2586)-Fier,A (2595) Florianopolis 2019}) 12. g4 Nd4 13. Nxd4 {Black has an edge.} cxd4 14. Ne2 e5 15. f5 Nc6 $146 ({Better is} 15... d5 $1 $15) ({Predecessor:} 15... d5 16. Ng3 dxe4 17. Bxe4 Bb5 18. Qf3 f6 {½-½ (58) Filipets,E (2316)-Badelka,O (2293) Minsk 2017}) 16. Qd2 Bf6 {White must now prevent ...Bg5.} 17. h4 $2 (17. c3 $11 {and White stays safe.}) 17... Bxh4 $19 18. Bxh4 Qxh4 19. Rf1 f6 (19... Qxg4 20. Rf3 $17) (19... Kh8 $1 $19 20. g5 gxf5 21. Rxf5 Rg8) 20. Bf3 $17 Qg5 21. Qxg5 fxg5 22. fxg6 $2 (22. a3 $17) 22... Nb4 $19 {[%mdl 64] Zwischenzug} (22... hxg6 23. a3 $19) 23. gxh7+ Kxh7 24. c3 Nxd3 25. cxd4 Nf4 ({Don't play} 25... Nxb2 26. dxe5 dxe5 27. Rf2) 26. Rfe1 Bxe2 27. Bxe2 Rc2 28. Bf1 Rxb2 29. dxe5 dxe5 30. a4 Ne6 {...Nd4 is the strong threat.} 31. Re2 Rxe2 32. Bxe2 {[%mdl 4096] Endgame KRB-KRN} Nd4 33. Bd1 Rf4 34. a5 b5 35. Rc1 Rxe4 36. Kf2 {intending Rc7+.} Rf4+ 37. Ke3 Kg7 38. a6 Rf1 39. Rc7+ Kf8 $2 (39... Kf6 $19 40. Kd2 e4) 40. Kd2 (40. Rxa7 $11 Rxd1 41. Rc7) 40... Rf7 $17 41. Rb7 {[#]} Ke8 (41... Rxb7 $1 $17 42. axb7 Nc6) 42. Ke3 $1 $11 Rf1 43. Kd2 Rf7 {aiming for ...Rxb7.} 44. Ke3 $1 Rd7 45. Ke4 (45. Be2 $11 {keeps the balance.}) 45... Nc6 (45... Kd8 $17 46. Rxd7+ Kxd7 47. Kxe5 Ne6) 46. Be2 Rd4+ (46... Rxb7 $11 47. axb7 a6) 47. Kf5 $16 Rf4+ $2 {[%mdl 8192]} (47... Rb4 $16) 48. Kxg5 $18 Kd8 49. Bxb5 ({Stronger than} 49. Rxb5 Kc7 $14) 49... Nd4 50. Bd7 (50. Kh5 $142) 50... Rf7 $2 (50... Rf1 $16 {keeps fighting.}) 51. Bf5 $1 ({Weaker is} 51. Rxa7 Ne6+ 52. Kh4 Rh7+ 53. Kg3 Rxd7 $11) 51... Nf3+ 52. Kg6 Rxb7 53. axb7 {KB-KN} Kc7 {[#]} 54. Kf6 $2 (54. Be4 $1 $18 {[%cal Re4f3]} Ng1 55. Kf5) 54... a5 $11 {The position is equal.} 55. Be4 a4 $1 {[%cal Ra4a3] Hoping for ...a3.} 56. Bd5 a3 {Strongly threatening ...e4!} 57. Kf5 Kb8 58. g5 Kc7 59. g6 {g7 would kill now.} Nh4+ 60. Kxe5 Nxg6+ 61. Kd4 Nf4 62. Kc3 $1 Nxd5+ 63. Kb3 Kxb7 64. Kxa3 {Accuracy: White = 47%, Black = 60%.} 1/2-1/2

[Event "XLV Sevilla Open 2020"]
[Site "Sevilla"]
[Date "2020.01.14"]
[Round "5.11"]
[White "Campora, Daniel H."]
[Black "Lacrosse, Marc"]
[Result "1-0"]
[WhiteElo "2420"]
[BlackElo "2120"]
[Annotator "TA"]
[PlyCount "43"]
[EventDate "2020.01.05"]
[EventType "swiss"]
[EventCountry "ESP"]
[SourceTitle "playchess.com"]
[Source "ChessBase"]
[SourceQuality "1"]

{[%evp 20,43,28,-6,22,17,22,16,33,25,48,56,63,61,53,29,53,39,72,69,77,83,90,88,91,90]} 1. e4 e5 2. Nf3 Nc6 3. Nc3 Nf6 4. Bb5 Bb4 5. O-O O-O 6. d3 d6 7. Ne2 Ne7 8. c3 Ba5 9. Ng3 c6 10. Ba4 Ng6 11. d4 h6 {C49: Four Knights: 4 Bb5 Bb4} 12. Bc2 Re8 13. h3 Be6 {The position is equal.} 14. Re1 Qc7 15. Be3 Rad8 16. Qc1 Kh7 17. a4 {[%cal Ba2a4,Ba4a5][%mdl 32] [#] Strongly threatening b4.} Bb6 {[#]} 18. b3 $146 ({Predecessor:} 18. b4 Qb8 19. Qb2 Kh8 20. a5 Bc7 21. dxe5 dxe5 22. Bb3 Nf4 {0-1 (46) Predke,A (2595)-Fridman,D (2637) Batumi 2018}) 18... Qb8 19. a5 Bc7 20. c4 {White is better.} a6 21. d5 Bd7 22. Qd2 {Accuracy: White = 82%, Black = 38%.} 1-0

[Event "XLV Sevilla Open 2020"]
[Site "Sevilla"]
[Date "2020.01.14"]
[Round "5.12"]
[White "Pavcevic, Bruno"]
[Black "Polivanov, Anatoliy"]
[Result "0-1"]
[WhiteElo "2113"]
[BlackElo "2420"]
[Annotator "TA"]
[PlyCount "80"]
[EventDate "2020.01.05"]
[EventType "swiss"]
[EventCountry "ESP"]
[SourceTitle "playchess.com"]
[Source "ChessBase"]
[SourceQuality "1"]

{[%evp 9,79,-5,0,-26,-27,-32,-46,-48,-31,-37,-38,-40,-14,-56,-59,-51,-43,-39,-41,-45,-50,-42,-46,-52,-57,-87,-91,-94,-97,-100,-95,-84,-100,-97,-74,-62,-63,-77,-92,-122,-124,-116,-116,-113,-112,-168,-169,-165,-170,-321,-323,-331,-338,-531,-523,-1012,-939,-2622,-553,-2406,-1864,-6275,-6275,-29983,-29984,-5489,-1319,-29992,-29993,-29993,-29994,-29999]} 1. e4 e6 2. d4 d5 3. Nc3 Nf6 4. exd5 exd5 5. Bg5 Be7 6. Nge2 {C01: French: Exchange Variation} O-O {[#]} 7. Qd2 $146 ({Predecessor:} 7. g3 Nbd7 8. Bg2 h6 9. Bf4 c6 10. O-O Re8 11. Qd3 Nf8 12. Nd1 Be6 13. Ne3 Qd7 {0-1 (28) Gabitova,E-Sairanov,T (1968) Sterlitamak 2012}) 7... c6 8. f3 {Black is slightly better.} Nbd7 {[%cal Bb8d7,Bd7f8,Bf8e6][%mdl 32]} 9. Ng3 Re8 {Strongly threatening ...Ne4.} 10. O-O-O Nf8 11. Nce2 a5 12. Kb1 Ne6 13. Be3 Bb4 14. c3 Bf8 15. Nf4 b5 {[%cal Bb7b5,Bb5b4][%mdl 32]} 16. Ka1 b4 17. c4 dxc4 18. Bxc4 Nxf4 19. Bxf4 Nd5 20. Bg5 f6 21. Be3 Ba6 (21... Be6 {seems wilder.} 22. Ne4 Nxe3 23. Bxe6+ Rxe6 24. Qxe3 f5) 22. Bxa6 Rxa6 23. Qd3 Nxe3 24. Qxa6 Nxd1 25. Rxd1 {[#]} Qxd4 $1 {[%cal Rd4d1][%mdl 512]} 26. Qf1 (26. Rxd4 Re1+) 26... Qe5 27. Qd3 (27. Qc4+ $17 {keeps fighting.} Qe6 28. Qd3) 27... a4 $40 {[%mdl 128] Black is out for blood.} 28. Qc4+ Kh8 29. f4 $2 {[#]} (29. Qe4) 29... Rd8 $1 {[%mdl 512]} 30. Rc1 (30. Rxd8 Qe1+) 30... Qe3 31. Nf5 (31. Kb1 {might work better.} a3 32. Qe4) 31... Qd2 32. Rc2 {[#]} Qxg2 $1 {[%mdl 512]} 33. Kb1 (33. Rxg2 Rd1+) 33... Rd1+ 34. Rc1 {[#]} a3 $1 {[%mdl 512]} 35. bxa3 {[#]} bxa3 $1 {[%csl Ga3][%cal Rg2b2][%mdl 512]} 36. Qb3 Qe4+ 37. Qc2 Qb4+ (37... Rd3 $142 38. h4 Qxf5) 38. Ka1 Rxc1+ {Black mates.} 39. Qxc1 Bc5 40. Qd1 Qb2# {Accuracy: White = 49%, Black = 91%.} 0-1

[Event "XLV Sevilla Open 2020"]
[Site "Sevilla"]
[Date "2020.01.14"]
[Round "5.13"]
[White "Morales Araujo, Francisco Javier"]
[Black "Bukal, Vladimir Jr."]
[Result "0-1"]
[WhiteElo "2103"]
[BlackElo "2385"]
[Annotator "TA"]
[PlyCount "42"]
[EventDate "2020.01.05"]
[EventType "swiss"]
[EventCountry "ESP"]
[SourceTitle "playchess.com"]
[Source "ChessBase"]
[SourceQuality "1"]

{[%evp 9,42,-5,6,-14,-15,-26,-14,-14,-19,-8,-9,-16,-2,-48,-40,-71,-54,-77,-47,-224,-221,-230,-230,-218,-225,-325,-324,-334,-334,-314,-324,-316,-322,-302,-305]} 1. f4 b6 2. d3 Bb7 3. e4 e6 4. Nf3 d5 (4... d6 5. g3 Nd7 6. Bg2 g6 7. O-O Bg7 8. c3 Ne7 9. Be3 O-O 10. Nbd2 a6 11. Re1 d5 {1-0 (37) Ziska,H (2614)-Medar,M (2218) Tallinn 2019}) 5. e5 d4 6. g3 {B00: Queen's Fianchetto Defence, Nimzowitsch Defence} Nh6 7. Nbd2 $146 ({Predecessor:} 7. Bg2 Be7 8. Nbd2 Nf5 9. Ne4 Bb4+ 10. Kf1 Na6 11. Qe2 Qd7 {½-½ (24) Zawadzki,S (2397)-Kubit,T (2184) Lublin 2006}) 7... Nf5 {Threatens to win with ...Ne3.} 8. Ne4 {The position is equal.} Bb4+ 9. Kf2 Be7 10. Bg2 Na6 {[%cal Bb8a6,Ba6b4,Bb4c2][%mdl 32]} 11. Rf1 Nb4 12. g4 {[#]} Ne3 $1 $36 {[%cal Re3d1][%mdl 2048] Black is pushing.} 13. Bxe3 dxe3+ 14. Kg1 $2 {[#]} (14. Kg3 $1 $15) 14... Bxe4 $1 $19 15. dxe4 Qxd1 16. Rfxd1 Nxc2 {Hoping for ...e2.} 17. Rac1 (17. Bf1 {might work better.} Nxa1 18. Bb5+ Kf8 19. Rxa1) 17... e2 {Black has a decisive advantage.} 18. Rd2 Bc5+ 19. Kh1 {[#]} e1=Q+ $1 {[%mdl 512]} 20. Nxe1 (20. Rxe1 Nxe1) 20... Nxe1 21. Rxe1 Bb4 {[%mdl 64] Skewer. Accuracy: White = 26%, Black = 70%.} 0-1